000 00693nam a2200205 i 4500
001 80133
003 ES-MaACL
005 20230906174134.0
007 t|
008 041026s1931 fr ||||1| fre d
245 0 0 _aHistoire et historiens de l'Algérie /
_cpar J. Alazard... [et al.] ; introduction de Stephane Gsell.
260 _aParis :
_bFélix Alcan,
_c1929 (
_eVendôme ; Paris :
_fPresses Universitaires de France)
300 _a426 p. ;
_c24 cm.
490 1 _aCentenaire de L'Algérie ;
_v4
700 1 _aAlazard, J.an.
_919179
700 1 _aGsell, Stephane.
_960268
830 0 _aCentenaire de L'Algérie ;
_v4
_9231478
852 _aES-MaACL
_jB-13573
999 _c80133
_d80133